| 000 | 01209nam0a22002891 4500 | ||
|---|---|---|---|
| 001 | rc\3462162 | ||
| 005 | 20260407145308.0 | ||
| 021 |
_aRU _b[72-52198] |
||
| 035 | _a(NLR Aleph) 007896174 | ||
| 090 |
_a8008921 _c8008921 |
||
| 100 | _a20130115d1972 |||y0rusy50 ca | ||
| 101 | 0 | _arus | |
| 102 | _aRU | ||
| 105 | _aa z ||||| | ||
| 200 | 1 |
_aОбразование и действие интерферона _e[Сборник статей _fРед. коллегия: ... М.К. Индулен (отв. ред.) и др.] _gАН ЛатвССР. Ин-т микробиологии им. А. Кирхенштейна |
|
| 210 |
_aРига _cЗинатне _d1972 |
||
| 215 |
_a338 с. _cил. _d22 |
||
| 300 | _aРез. статей на англ. яз. | ||
| 320 | _aСписок лит. в конце статей | ||
| 606 |
_aИнтерферон _jСборники _2psbo |
||
| 702 | 1 |
_aИндулен _bМ.К. _gМуза Константиновна _4340 |
|
| 712 | 0 | 2 |
_aИнститут микробиологии им. А.Кирхенштейна _cРига _3RU\NLR\AUTH\8810021376 _9540707 |
| 801 | 0 |
_aRU _bNLR _gpsbo |
|
| 801 | 1 |
_aRU _bELAR _2rusmarc |
|
| 852 |
_aNLR _j72-5/1577 |
||
| 942 | _cBOOK | ||
| 980 | _aNB | ||